UBT Library

Projekti i Organizimit te Biblotekes dhe Arkives ne Lipjan (Record no. 45427)

000 -LEADER
fixed length control field 00300nam a22001217a 4500
008 - FIXED-LENGTH DATA ELEMENTS--GENERAL INFORMATION
fixed length control field 180423b xxu||||| |||| 00| 0 eng d
041 ## - LANGUAGE CODE
Language code of text/sound track or separate title eng
080 ## - UNIVERSAL DECIMAL CLASSIFICATION NUMBER
Universal Decimal Classification number 043.3
100 ## - Rafti
Rafti 0
101 ## - Shkurtesa
Shkurtesa INI-BA
245 ## - TITLE STATEMENT
Title Projekti i Organizimit te Biblotekes dhe Arkives ne Lipjan
Statement of responsibility, etc Dibra, B
942 ## - ADDED ENTRY ELEMENTS (KOHA)
Source of classification or shelving scheme
Item type Books
Holdings
Withdrawn status Lost status Source of classification or shelving scheme Damaged status Not for loan Collection code Permanent location Current location Shelving location Date acquired Total Checkouts Full call number Barcode Date last seen Price effective from Koha item type
          Koleksioni i përgjithshem UBT - Lipjan UBT - Lipjan Disertacionet 04/23/2018   043.3 2018 002-3002396 04/23/2018 04/23/2018 Books
          Koleksioni i përgjithshem UBT - Lipjan UBT - Lipjan Disertacionet 04/23/2018   043.3 2018 002-3002407 04/23/2018 04/23/2018 Books
          Koleksioni i përgjithshem UBT - Lipjan UBT - Lipjan Disertacionet 04/23/2018   043.3 2018 002-3002402 04/23/2018 04/23/2018 Books
UBT Library © 2015-2024. All rights reserved University Education for Business and Technology